000 00387 a2200097 4500
245 0 0 _aOsprzęt sieci elektroenergetycznych - Powłoki ochronne cynkowe zanurzeniowe chromianowane PN-74/E-04500 /
_cInstytut Energetyki Warszawa.
246 1 3 _aPN-74/E-04500
246 1 3 _a621.315.687:620.197.5:669.58
260 _aWarszawa :
_bInstytut Energetyki Warszawa,
_c1974.
300 _a5 stron ;
_c30 cm.
650 _aPolska norma
999 _c21011
_d21011